Je zapájanie verejnosti do procesu EIA (nežiaducou) brzdou správnych konaní?

Analýza právnej úpravy postupov pri posudzovaní vplyvov navrhovaných činností na životné prostredie. Okrem jednotlivých procesných krokov približujúcich tento druh postupov je analýza zameraná predovšetkým na ich účel a predmet. Aktuálne problémy v praxi správnych orgánov, ktoré uskutočňujú správne...

Ausführliche Beschreibung

Gespeichert in:
Bibliographische Detailangaben
1. Verfasser: Srebalová, Mária
Weitere Verfasser: Dufala, Martin
Format: Buchkapitel
Sprache:Slowakisch
Schlagworte:
Tags: Tag hinzufügen
Keine Tags, Fügen Sie das erste Tag hinzu!

MARC

LEADER 00000naa a2200000 4500
001 0256131
005 20190619112238.9
041 0 |a slo 
044 |a SK 
245 1 0 |a Je zapájanie verejnosti do procesu EIA (nežiaducou) brzdou správnych konaní?  |c Mária Srebalová, Martin Dufala 
520 |a Analýza právnej úpravy postupov pri posudzovaní vplyvov navrhovaných činností na životné prostredie. Okrem jednotlivých procesných krokov približujúcich tento druh postupov je analýza zameraná predovšetkým na ich účel a predmet. Aktuálne problémy v praxi správnych orgánov, ktoré uskutočňujú správne konania nadväzujúce na fázu hodnotenia, t.j. povoľovacie konania. Tieto sú v niektorých prípadoch zo strany tzv. dotknutej verejnosti zneužívané. Možnosti, ako zabrániť takémuto zneužívaniu postavenia dotknutej verejnosti. 
610 2 0 |a úpravy právne 
610 2 0 |a prostredie životné 
610 2 0 |a ochrana prostredia životného 
610 2 0 |a Slovensko 
610 2 0 |a harmonizácia 
100 1 |a Srebalová, Mária 
700 1 |a Dufala, Martin